Конференц-неделя как ступень подготовки магистерской диссертации; Уровневая подготовка специалистов: государственные и международные стандарты инженерного образования

Bibliografiske detaljer
Parent link:Уровневая подготовка специалистов: государственные и международные стандарты инженерного образования.— 2013.— [С. 77-79]
Hovedforfatter: Ляпунов Д. Ю. Данил Юрьевич
Corporate Authors: Национальный исследовательский Томский политехнический университет (ТПУ) Энергетический институт (ЭНИН) Кафедра электропривода и электрооборудования (ЭПЭО), Национальный исследовательский Томский политехнический университет (ТПУ) Энергетический институт (ЭНИН) Кафедра электроснабжения промышленных предприятий (ЭПП)
Summary:Заглавие с экрана
Рассмотрены показатели готовности диссертационных работ магистрантов, выявленные в ходе конферен-цнедели. Разработанная система показателей готовности способствует выявлению сильных и слабых сторон работы, проведению дальнейшего целенаправленного улучшения необходимых показателей диссертационных работ, формированию системы самооценки магистрантов
Sprog:russisk
Udgivet: 2013
Serier:Магистерская подготовка: воспроизводство научных кадров
Fag:
Online adgang:http://www.lib.tpu.ru/fulltext/c/2013/C09/045.pdf
Format: Electronisk Book Chapter
KOHA link:https://koha.lib.tpu.ru/cgi-bin/koha/opac-detail.pl?biblionumber=241416

MARC

LEADER 00000naa2a2200000 4500
001 241416
005 20251217103846.0
035 |a (RuTPU)RU\TPU\book\262688 
035 |a RU\TPU\book\262687 
090 |a 241416 
100 |a 20130716d2013 k y0rusy50 ca 
101 0 |a rus 
102 |a RU 
135 |a arnn ---uucaa 
181 0 |a i  
182 0 |a b 
200 1 |a Конференц-неделя как ступень подготовки магистерской диссертации  |f Д. Ю. Ляпунов 
203 |a Текст  |c электронный 
225 1 |a Магистерская подготовка: воспроизводство научных кадров 
300 |a Заглавие с экрана 
320 |a [Библиогр.: с. 79 (3 назв.)] 
330 |a Рассмотрены показатели готовности диссертационных работ магистрантов, выявленные в ходе конферен-цнедели. Разработанная система показателей готовности способствует выявлению сильных и слабых сторон работы, проведению дальнейшего целенаправленного улучшения необходимых показателей диссертационных работ, формированию системы самооценки магистрантов 
337 |a Adobe Reader 
463 1 |0 (RuTPU)RU\TPU\book\262130  |t Уровневая подготовка специалистов: государственные и международные стандарты инженерного образования  |o сборник трудов научно-методической конференции, 26-30 марта 2013 г., Томск  |f Национальный исследовательский Томский политехнический университет (ТПУ) ; ред. кол. А. И. Чучалин [и др.]  |v [С. 77-79]  |d 2013 
610 1 |a труды учёных ТПУ 
610 1 |a электронный ресурс 
610 1 |a конференции 
610 1 |a магистранты 
610 1 |a диссертации 
610 1 |a самооценка 
610 1 |a подготовка 
700 1 |a Ляпунов  |b Д. Ю.  |c специалист в области электротехники  |c доцент Томского политехнического университета, кандидат технических наук  |f 1982-  |g Данил Юрьевич  |3 (RuTPU)RU\TPU\pers\26526  |9 12220 
712 0 2 |a Национальный исследовательский Томский политехнический университет (ТПУ)  |b Энергетический институт (ЭНИН)  |b Кафедра электропривода и электрооборудования (ЭПЭО)  |3 (RuTPU)RU\TPU\col\18674 
712 0 2 |a Национальный исследовательский Томский политехнический университет (ТПУ)  |b Энергетический институт (ЭНИН)  |b Кафедра электроснабжения промышленных предприятий (ЭПП)  |3 (RuTPU)RU\TPU\col\18676 
801 2 |a RU  |b 63413507  |c 20161012  |g RCR 
856 4 |u http://www.lib.tpu.ru/fulltext/c/2013/C09/045.pdf 
942 |c CF